MARC details
| 000 -LEADER |
| fixed length control field |
02861nam a2200601 i 4500 |
| 001 - CONTROL NUMBER |
| control field |
22421 |
| 003 - CONTROL NUMBER IDENTIFIER |
| control field |
CZ PrNK |
| 005 - DATE AND TIME OF LATEST TRANSACTION |
| control field |
20260328102333.0 |
| 007 - PHYSICAL DESCRIPTION FIXED FIELD--GENERAL INFORMATION |
| fixed length control field |
ta |
| 008 - FIXED-LENGTH DATA ELEMENTS--GENERAL INFORMATION |
| fixed length control field |
210505s2021 xr a c 000 j cze |
| 015 ## - NATIONAL BIBLIOGRAPHY NUMBER |
| National bibliography number |
cnb003323022 |
| 020 ## - INTERNATIONAL STANDARD BOOK NUMBER |
| International Standard Book Number |
9788025351116 |
| Qualifying information |
(vázáno) : |
| Terms of availability |
Kč 199,00 |
| 035 ## - SYSTEM CONTROL NUMBER |
| System control number |
(OCoLC)1260122650 |
| 040 ## - CATALOGING SOURCE |
| Original cataloging agency |
ABG001 |
| Language of cataloging |
cze |
| Modifying agency |
ABA001 |
| Description conventions |
rda |
| 041 1# - LANGUAGE CODE |
| Language code of text/sound track or separate title |
cze |
| Language code of original |
ger |
| 072 #7 - SUBJECT CATEGORY CODE |
| Subject category code |
821.112.2-3 |
| Subject category code subdivision |
Německá próza, německy psaná |
| Source |
Konspekt |
| 072 #7 - SUBJECT CATEGORY CODE |
| Subject category code |
821-93 |
| Subject category code subdivision |
Literatura pro děti a mládež (beletrie) |
| Source |
Konspekt |
| 080 ## - UNIVERSAL DECIMAL CLASSIFICATION NUMBER |
| Universal Decimal Classification number |
821.112.2(436)-32 |
| Edition identifier |
MRF |
| 080 ## - UNIVERSAL DECIMAL CLASSIFICATION NUMBER |
| Universal Decimal Classification number |
821-93 |
| Edition identifier |
MRF |
| 080 ## - UNIVERSAL DECIMAL CLASSIFICATION NUMBER |
| Universal Decimal Classification number |
(0:82-321.3) |
| Edition identifier |
MRF |
| 080 ## - UNIVERSAL DECIMAL CLASSIFICATION NUMBER |
| Universal Decimal Classification number |
(0.05)793.7 |
| Edition identifier |
MRF |
| 100 1# - MAIN ENTRY--PERSONAL NAME |
| Personal name |
Brezina, Thomas, |
| Dates associated with a name |
1963- |
| Relationship |
aut |
| 240 10 - UNIFORM TITLE |
| Uniform title |
Phantom auf dem Fussballplatz. |
| Language of a work |
Česky |
| 245 10 - TITLE STATEMENT |
| Title |
Fantom z fotbalového hřiště / |
| Statement of responsibility, etc. |
Thomas C. Brezina ; ilustrovaly Caroline Kintzelová, Naomi Fearnová a Lorna Eganová ; z německého originálu Ein Fall für dich und das Tiger-Team - Das Phantom auf dem Fussballplatz ... přeložila Dagmar Steidlová |
| 250 ## - EDITION STATEMENT |
| Edition statement |
1. vydání |
| 264 #1 - PRODUCTION, PUBLICATION, DISTRIBUTION, MANUFACTURE, AND COPYRIGHT NOTICE |
| Place of production, publication, distribution, manufacture |
V Praze : |
| Name of producer, publisher, distributor, manufacturer |
Fragment, |
| Date of production, publication, distribution, manufacture, or copyright notice |
2021 |
| 300 ## - PHYSICAL DESCRIPTION |
| Extent |
135 stran : |
| Other physical details |
ilustrace ; |
| Dimensions |
19 cm + |
| Accompanying material |
1 plastová lupa (60 x 90 mm) |
| 336 ## - CONTENT TYPE |
| Content type term |
text |
| Content type code |
txt |
| Source |
rdacontent |
| 336 ## - CONTENT TYPE |
| Content type term |
statický obraz |
| Content type code |
sti |
| Source |
rdacontent |
| 337 ## - MEDIA TYPE |
| Media type term |
bez média |
| Media type code |
n |
| Source |
rdamedia |
| 338 ## - CARRIER TYPE |
| Carrier type term |
svazek |
| Carrier type code |
nc |
| Source |
rdacarrier |
| 490 1# - SERIES STATEMENT |
| Series statement |
Případ pro tebe a Klub Tygrů |
| 520 2# - SUMMARY, ETC. |
| Summary, etc. |
Tygří parta řeší další záhadu, tentokrát jde o tajemný fotbalový míč. Kniha obsahuje lupu, s níž se čtenáři mohou stát účastníky pátrání. |
| Expansion of summary note |
Před fotbalovým tréninkem najde Patrik v kůlně u hřiště podivný, křiklavě zelený míč. Poté se začnou dít divné věci. Z reproduktorů zazní výhrůžný hlas a pak se na hřišti zjeví fantom, který začne Patrika ohrožovat. Sebere míč a mizí s ním pryč. Co to má znamenat? Biggi, Luk a Patrik se pouštějí do jeho pronásledování. Na horkou stopu narážejí v podzemním systému městské kanalizace... Nakladatelská anotace. |
| 521 8# - TARGET AUDIENCE NOTE |
| Target audience note |
Pro čtenáře od 9 let |
| 655 #7 - INDEX TERM--GENRE/FORM |
| Genre/form data or focus term |
rakouské příběhy |
| Source of term |
czenas |
| 655 #7 - INDEX TERM--GENRE/FORM |
| Genre/form data or focus term |
dobrodružné příběhy |
| Source of term |
czenas |
| 655 #7 - INDEX TERM--GENRE/FORM |
| Genre/form data or focus term |
čtenářské hry |
| Source of term |
czenas |
| 655 #7 - INDEX TERM--GENRE/FORM |
| Genre/form data or focus term |
publikace pro děti |
| Source of term |
czenas |
| 655 #9 - INDEX TERM--GENRE/FORM |
| Genre/form data or focus term |
Austrian stories |
| Source of term |
eczenas |
| 655 #9 - INDEX TERM--GENRE/FORM |
| Genre/form data or focus term |
adventure stories |
| Source of term |
eczenas |
| 655 #9 - INDEX TERM--GENRE/FORM |
| Genre/form data or focus term |
literary recreations |
| Source of term |
eczenas |
| 655 #9 - INDEX TERM--GENRE/FORM |
| Genre/form data or focus term |
children's literature |
| Source of term |
eczenas |
| 700 1# - ADDED ENTRY--PERSONAL NAME |
| Personal name |
Kintzel, Caroline, |
| Dates associated with a name |
1979- |
| Relationship |
ill |
| 700 1# - ADDED ENTRY--PERSONAL NAME |
| Personal name |
Fearn, Naomi, |
| Dates associated with a name |
1976- |
| Relationship |
ill |
| 700 1# - ADDED ENTRY--PERSONAL NAME |
| Personal name |
Egan, Lorna, |
| Dates associated with a name |
1981- |
| Relationship |
ill |
| 700 1# - ADDED ENTRY--PERSONAL NAME |
| Personal name |
Steidlová, Dagmar, |
| Dates associated with a name |
1959- |
| Relationship |
trl |
| 765 1# - ORIGINAL LANGUAGE ENTRY |
| Title |
Fall für dich und das Tiger-Team |
| 787 08 - OTHER RELATIONSHIP ENTRY |
| Relationship information |
Z cyklu: |
| Title |
Případ pro tebe a Klub Tygrů |
| Related parts |
21 |
| 830 #0 - SERIES ADDED ENTRY--UNIFORM TITLE |
| Uniform title |
Klub Tygrů |
| 901 ## - LOCAL DATA ELEMENT A, LDA (RLIN) |
| b |
9788025351116 |
| f |
1. vydání |
| o |
20210615 |
| 910 ## - USER-OPTION DATA (OCLC) |
| User-option data |
ABA001 |
| 942 ## - ADDED ENTRY ELEMENTS (KOHA) |
| Source of classification or shelving scheme |
Dewey Decimal Classification |
| Koha item type |
Krásna literatúra pre deti |
| Suppress in OPAC |
No |